| 000 | 01147nam a22003377a 4500 | ||
|---|---|---|---|
| 003 | CHAP | ||
| 005 | 20220329134409.0 | ||
| 008 | 971013s1956 r 00010 d | ||
| 010 | _a19922 | ||
| 011 | _a20894 | ||
| 035 | _a24983 | ||
| 040 | _cCHAP | ||
| 082 |
_a512 _bA53 1956 |
||
| 100 | 0 | 0 |
_aAnfossi, Agustin. _95749 |
| 245 | _aCurso de álgebra para secundaria, preparatoria y comercio | ||
| 250 | _a6 ed. | ||
| 260 |
_aMéxico, D.F., : _bProgreso, _c1956 |
||
| 300 | _a408 p | ||
| 590 |
_aBATCH-UPD _b10 _c20130110 _lUCH01 _h1551 |
||
| 590 |
_aBATCH-UPD _b10 _c20130410 _lUCH01 _h0949 |
||
| 590 |
_aBATCH-UPD _b10 _c20130914 _lUCH01 _h1845 |
||
| 590 |
_aCONVERSION _b10 _c20130109 _lUCH01 _h1312 |
||
| 650 | 1 | 4 |
_aÁlgebra. _982391 |
| 901 | _aBK | ||
| 942 | _cLIBRO | ||
| 949 |
_a512 A53 1956 _bBC _cLIBRO _d-57649 _eLIBRO _h28451 _i24983 _si |
||
| 949 |
_a512 A53 1956 _bBC _cLIBRO _d-66464 _eLIBRO _fc.2 _h11854 _i24983 _si |
||
| 949 |
_a512 A53 1956 _bBC _cLIBRO _d-66465 _eLIBRO _fc.3 _h12100 _i24983 _si |
||
| 949 |
_a512 A53 1956 _bBC _cLIBRO _d-66466 _eLIBRO _fc.4 _h29867 _i24983 _si |
||
| 949 |
_a512 A53 1956 _bBC _cLIBRO _d-66467 _eLIBRO _fc.5 _h33274 _i24983 _si |
||
| 999 |
_c19922 _d19922 |
||